<?xml version="1.0" encoding="UTF-8"?>
<record
    xmlns:xsi="http://www.w3.org/2001/XMLSchema-instance"
    xsi:schemaLocation="http://www.loc.gov/MARC21/slim http://www.loc.gov/standards/marcxml/schema/MARC21slim.xsd"
    xmlns="http://www.loc.gov/MARC21/slim">

  <leader>00410nam a22001457a 4500</leader>
  <controlfield tag="005">20251124160105.0</controlfield>
  <controlfield tag="008">251124b        |||||||| |||| 00| 0 eng d</controlfield>
  <datafield tag="020" ind1=" " ind2=" ">
    <subfield code="a">978-1-4743-0113-8</subfield>
  </datafield>
  <datafield tag="100" ind1=" " ind2=" ">
    <subfield code="a">HERRING, WENDY</subfield>
  </datafield>
  <datafield tag="245" ind1=" " ind2=" ">
    <subfield code="a">THE ALL ENGLAND LAW REPORTS 2016, VOLUME 3</subfield>
  </datafield>
  <datafield tag="260" ind1=" " ind2=" ">
    <subfield code="a">LONDON</subfield>
    <subfield code="b">LEXISNEXIS</subfield>
    <subfield code="c">2016</subfield>
  </datafield>
  <datafield tag="300" ind1=" " ind2=" ">
    <subfield code="a">XXII, 1068P.</subfield>
  </datafield>
  <datafield tag="650" ind1=" " ind2=" ">
    <subfield code="a">LAW REPORTS, DIGEST-ENGLAND , WALES</subfield>
  </datafield>
  <datafield tag="942" ind1=" " ind2=" ">
    <subfield code="2">lcc</subfield>
    <subfield code="c">REF</subfield>
  </datafield>
  <datafield tag="999" ind1=" " ind2=" ">
    <subfield code="c">216269</subfield>
    <subfield code="d">216269</subfield>
  </datafield>
  <datafield tag="952" ind1=" " ind2=" ">
    <subfield code="0">0</subfield>
    <subfield code="1">0</subfield>
    <subfield code="2">lcc</subfield>
    <subfield code="4">0</subfield>
    <subfield code="6">REF K D288 A45  02016 V.00003</subfield>
    <subfield code="7">0</subfield>
    <subfield code="8">REF</subfield>
    <subfield code="9">373623</subfield>
    <subfield code="a">KSUL</subfield>
    <subfield code="b">KSUL</subfield>
    <subfield code="d">2025-11-24</subfield>
    <subfield code="i">110062</subfield>
    <subfield code="l">0</subfield>
    <subfield code="o">REF KD 288 .A45 2016 V.3</subfield>
    <subfield code="p">000000002899</subfield>
    <subfield code="r">2025-11-24 16:03:36</subfield>
    <subfield code="t">4</subfield>
    <subfield code="w">2025-11-24</subfield>
    <subfield code="y">REF</subfield>
  </datafield>
  <datafield tag="952" ind1=" " ind2=" ">
    <subfield code="0">0</subfield>
    <subfield code="1">0</subfield>
    <subfield code="2">lcc</subfield>
    <subfield code="4">0</subfield>
    <subfield code="6">REF K D288 A45  02016 V.00003</subfield>
    <subfield code="7">0</subfield>
    <subfield code="8">REF</subfield>
    <subfield code="9">373624</subfield>
    <subfield code="a">KSUL</subfield>
    <subfield code="b">KSUL</subfield>
    <subfield code="d">2025-11-24</subfield>
    <subfield code="i">110061</subfield>
    <subfield code="l">0</subfield>
    <subfield code="o">REF KD 288 .A45 2016 V.3</subfield>
    <subfield code="p">000000002900</subfield>
    <subfield code="r">2025-11-24 16:03:00</subfield>
    <subfield code="t">3</subfield>
    <subfield code="w">2025-11-24</subfield>
    <subfield code="y">REF</subfield>
  </datafield>
  <datafield tag="952" ind1=" " ind2=" ">
    <subfield code="0">0</subfield>
    <subfield code="1">0</subfield>
    <subfield code="2">lcc</subfield>
    <subfield code="4">0</subfield>
    <subfield code="6">REF K D288 A45  02016 V.00003</subfield>
    <subfield code="7">0</subfield>
    <subfield code="8">REF</subfield>
    <subfield code="9">373625</subfield>
    <subfield code="a">KSUL</subfield>
    <subfield code="b">KSUL</subfield>
    <subfield code="d">2025-11-24</subfield>
    <subfield code="i">110060</subfield>
    <subfield code="l">0</subfield>
    <subfield code="o">REF KD 288 .A45 2016 V.3</subfield>
    <subfield code="p">000000002901</subfield>
    <subfield code="r">2025-11-24 16:03:00</subfield>
    <subfield code="t">2</subfield>
    <subfield code="w">2025-11-24</subfield>
    <subfield code="y">REF</subfield>
  </datafield>
  <datafield tag="952" ind1=" " ind2=" ">
    <subfield code="0">0</subfield>
    <subfield code="1">0</subfield>
    <subfield code="2">lcc</subfield>
    <subfield code="4">0</subfield>
    <subfield code="6">REF K D288 A45  02016 V.00003</subfield>
    <subfield code="7">0</subfield>
    <subfield code="8">REF</subfield>
    <subfield code="9">373626</subfield>
    <subfield code="a">KSUL</subfield>
    <subfield code="b">KSUL</subfield>
    <subfield code="d">2025-11-24</subfield>
    <subfield code="i">110059</subfield>
    <subfield code="l">0</subfield>
    <subfield code="o">REF KD 288 .A45 2016 V.3</subfield>
    <subfield code="p">000000001391</subfield>
    <subfield code="r">2025-11-24 16:03:00</subfield>
    <subfield code="t">1</subfield>
    <subfield code="w">2025-11-24</subfield>
    <subfield code="y">REF</subfield>
  </datafield>
</record>
